| 000 | 00807nam a2200253Ia 4500 | ||
|---|---|---|---|
| 003 | OSt | ||
| 005 | 20220926032244.0 | ||
| 006 | a|||||r|||| 00| 0 | ||
| 007 | ta | ||
| 008 | 220923b |||||||| |||| 00| 0 eng d | ||
| 020 |
_a9780754674061 _c5453.4300000000003 |
||
| 037 |
_b32932, 19/09/2011, Segment Book Distrobutors _cGeneral Book |
||
| 040 |
_aRTL _cRTL _beng |
||
| 041 |
_2eng _aeng |
||
| 082 | _aU5, Q1 | ||
| 100 |
_aWASTL-WALTER Doris _9337141 |
||
| 245 | 0 | _aAshgate research companion to border studies | |
| 260 |
_aSurrey _bAshgate Publishing _c2011 |
||
| 300 |
_axxi, 705p _ccm. |
||
| 500 | _aBibliography chapterwise | ||
| 650 | _aSociology | ||
| 942 |
_hU5, Q1 _cGB _2CC |
||
| 999 |
_c654240 _d654240 |
||